| 000 | 00656nam a22002657a 4500 | ||
|---|---|---|---|
| 003 | UA-OsUOA | ||
| 001 | 26478 | ||
| 007 | ta | ||
| 008 | 20040603b un ||||| |||| 00| 0 ukr d | ||
| 100 | _aБытько Н.Д. | ||
| 090 |
_a53 _bБ95 |
||
| 942 | _cBK | ||
| 040 |
_aUA-OsUOA _brus _cUA-OsUOA _dUA-OsUOA |
||
| 245 | _aФизика. Механика, молекулярная физика и теплота. | ||
| 300 | _a285 с. | ||
| 955 | _a0 | ||
| 041 | _arus | ||
| 080 | _a53 | ||
| 260 |
_aМосква _bВысшая школа _c1964 |
||
| 246 | 3 | 1 |
_aЧ.1,2 _n |
| 044 | _aRU | ||
| 250 | _n2-е изд. | ||
| 650 | 7 | _2UDC | |
| 999 |
_c312803 _d312803 |
||